The true discription of this marueilous straunge fishe, whiche was taken on Thursday was sennight, the xvi. day of June, this present month, in the yeare of our Lord God. M.D.LX.ix

Bibliographic Details
Main Author: C. R., fl. 1569
Format: eBook
Language:English
Published: Imprynted at London : In fleetstreate, beneathe the conduit, at the signe of Saint John Euangelist, by Thomas Colwell, [1569]
Series:Early English books online.
Subjects:
Online Access:Connect to the full text of this electronic book

MARC

Tag First Indicator Second Indicator Subfields
LEADER 00000nam a2200000 4500
001 in00004224421
005 20200806095057.0
006 m g d
007 cr bn |||a|bb|
008 901113s1569 enk o 00| | eng d
035 |a (UnM)99838701 
037 |a CL0036000031  |b ProQuest. 789 E. Eisenhower Parkway, Ann Arbor, MI 48108-3218 
040 |a Cu-RivES  |c Cu-RivES  |d CStRLIN  |e dcrb  |d WaOLN 
100 0 |a C. R.,  |d fl. 1569. 
245 1 4 |a The true discription of this marueilous straunge fishe, whiche was taken on Thursday was sennight, the xvi. day of June, this present month, in the yeare of our Lord God. M.D.LX.ix 
246 2 |a True discription of this marveilous straunge fishe, which was taken on Thursday was sennight, the .xvi. day of June, this present month, in the yeare of our Lord God. M.D.LX.ix. 
246 2 |a True discription of this marveilous straunge fishe, which was taken on Thursday was sennight, the xvi. day of June, this present month, in the yeare of our Lord God. M.D.LXix. 
260 |a Imprynted at London :  |b In fleetstreate, beneathe the conduit, at the signe of Saint John Euangelist, by Thomas Colwell,  |c [1569] 
300 |a 1 online resource (1 sheet ([1] pages :  |b illustrations. 
336 |a text  |b txt  |2 rdacontent 
337 |a computer  |b c  |2 rdamedia 
338 |a online resource  |b cr  |2 rdacarrier 
500 |a Signed: C.R. 
500 |a Publication date from STC. 
500 |a With woodcut title vignette. 
500 |a Reproduction of the original in the British Library. 
510 4 |a STC (2nd edition)  |c 20570. 
533 |a Electronic reproduction.  |b Ann Arbor, Mich. :  |c UMI,  |d 1999-  |f (Early English books online)  |n Digital version of: (Early English books, 1475-1640 ; 1150:09)  |7 s1999 miun s 
650 0 |a Curiosities and wonders  |z England  |v Early works to 1800. 
830 0 |a Early English books online. 
856 4 0 |u http://proxy.library.tamu.edu/login?url=https://search.proquest.com/docview/2240871342  |z Connect to the full text of this electronic book  |t 0 
999 f f |s 29508774-a29a-3f0c-bf8e-1757aeadd3fc  |i c29865f3-08b4-3be0-b178-0da32236f341  |t 0 
952 f f |a Texas A&M University  |b College Station  |c Electronic Resources  |d Available Online  |t 0  |h No information provided 
998 f f |t 0  |l Available Online